Представление документа в формате MARC21

Поле Инд. ПП Название Значение
Тип записи a
Библиографический уровень m
001 _ Контрольный номер RU\infra-m\znanium\bibl\1028758
005 _ Дата корректировки 20250915104145.3
008 Кодируемые данные 191210s2019 RU g rus u
020 a ISBN 978-5-238-02738-8
040 a Служба первич. каталог. Общество с ограниченной ответственностью «ЗНАНИУМ»
041 a Код языка текста rus
044 a Код страны публикации RU
080 a Индекс УДК 005
084 2 Источник индекса rubbk
a Индекс другой классификации/Индекс ББК 6529
084 2 Источник индекса okso
a Индекс другой классификации/Индекс ББК 38.03.02
084 2 Источник индекса okso
a Индекс другой классификации/Индекс ББК 54.03.01
084 2 Источник индекса okso
a Индекс другой классификации/Индекс ББК 54.01.20
100 1_ a Автор Сурова Надежда Юрьевна
q Полное имя Надежда Юрьевна
245 a Заглавие Проектный менеджмент в социальной сфере и дизайн-мышление
b Продолж. заглавия Учебное пособие для студентов вузов, обучающихся по специальности «Менеджмент»; Учебное пособие
c Ответственность Российский экономический университет им. Г.В. Плеханова
260 a Место издания Москва
b Издательство Издательство "ЮНИТИ-ДАНА"
c Дата издания 2017
300 a Объем 415 с.
520 a Аннотация Изложена методология дизайн-мышления и дизайн-менеджмента социальных изменений а также особенности развития современной проектной деятельности в социальной сфере. Рассматриваются вопросы стратегического менеджмента и бизнес-планирования особое внимание уделяется различным стилям руководства и методам управления. Для студентов высших учебных заведений экономических специальностей аспирантов преподавателей лидеров изменений социальной сферы и социальных предпринимателей. Может представлять интерес для руководителей и экономистов организаций.
521 a Примеч. о целев. назн. ВО - Бакалавриат
650 a Основная рубрика Управление (менеджмент)
x Основная подрубрика Стратегический менеджмент
852 x Примечание, не предназначенное для пользователя znanium2023
856 4_ a Имя сервера/домена znanium.com
m Помощь ebs_support@infra-m.ru
n Местонахождение сервера НИЦ ИНФРА-М
u URL https://znanium.com/catalog/document?id=341356
z Примечание для пользователя Участвует в КО
856 41 a Имя сервера/домена znanium.com
d Путь /cover/1028
f Электронное имя 1028758.jpg
q Тип электронного формата image/jpeg
u URL https://znanium.com/cover/1028/1028758.jpg